[Event "T-Director's Swiss sytem"]
[Site "playchess.com #662980"]
[Date "2014.03.16"]
[Round "9"]
[White "Rkem71"]
[Black "Tudorache M"]
[Result "0-1"]
[WhiteElo "1501"]
[BlackElo "1771"]
[PlyCount "126"]
[EventDate "2014.03.16"]
[EventType "swiss (blitz)"]

1. e4 {[%emt 0:00:02]} c5 {[%emt 0:00:01]} 2. Nf3 {[%emt 0:00:02]} Nc6 {[%emt
0:00:01]} 3. d4 {[%emt 0:00:01]} cxd4 {[%emt 0:00:00]} 4. Nxd4 {[%emt 0:00:02]}
Nf6 {[%emt 0:00:00]} 5. Nc3 {[%emt 0:00:02]} e5 {[%emt 0:00:01]} 6. Ndb5 {
[%emt 0:00:07]} d6 {[%emt 0:00:02]} 7. Bg5 {[%emt 0:00:03]} a6 {[%emt 0:00:06]}
8. Bxf6 {[%emt 0:00:10]} gxf6 {[%emt 0:00:03]} 9. Na3 {[%emt 0:00:03]} b5 {
[%emt 0:00:02]} 10. Nd5 {[%emt 0:00:02]} f5 {[%emt 0:00:01]} 11. exf5 {[%emt 0:
00:07]} Bxf5 {[%emt 0:00:02]} 12. c4 {[%emt 0:00:04]} Bh6 {[%emt 0:00:42]} 13.
cxb5 {[%emt 0:00:19]} Nd4 {[%emt 0:00:01]} 14. bxa6 {[%emt 0:00:19]} O-O {
[%emt 0:00:03]} 15. Bd3 {[%emt 0:00:58]} e4 {[%emt 0:00:33]} 16. Be2 {[%emt 0:
00:12]} Qa5+ {[%emt 0:00:04]} 17. Nc3 {[%emt 0:00:03]} Ne6 {[%emt 0:00:15]} 18.
O-O {[%emt 0:00:05]} Qb4 {[%emt 0:00:22]} 19. Qb3 {[%emt 0:00:31]} Qa5 {[%emt
0:00:15]} 20. Qb5 {[%emt 0:00:32]} Qxb5 {[%emt 0:00:17]} 21. Bxb5 {[%emt 0:00:
10]} Nd4 {[%emt 0:00:26]} 22. Bc4 {[%emt 0:00:29]} Kh8 {[%emt 0:00:09]} 23.
Nab5 {[%emt 0:00:20]} Nc2 {[%emt 0:00:30]} 24. Rac1 {[%emt 0:00:06]} e3 {[%emt
0:00:02]} 25. Rxc2 {[%emt 0:00:37]} Bxc2 {[%emt 0:00:06]} 26. fxe3 {[%emt 0:00:
07]} Bxe3+ {[%emt 0:00:03]} 27. Kh1 {[%emt 0:00:01]} f5 {[%emt 0:00:10]} 28.
Nxd6 {[%emt 0:00:02]} f4 {[%emt 0:00:02]} 29. Nd5 {[%emt 0:00:07]} Kg7 {[%emt
0:00:16]} 30. Nxe3 {[%emt 0:00:02]} fxe3 {[%emt 0:00:01]} 31. Rxf8 {[%emt 0:00:
02]} Rxf8 {[%emt 0:00:02]} 32. h3 {[%emt 0:00:00]} Rd8 {[%emt 0:00:20] '} 33.
a7 {[%emt 0:00:02]} Ra8 {[%emt 0:00:07]} 34. Nb5 {[%emt 0:00:02]} Be4 {[%emt 0:
00:03]} 35. Kg1 {[%emt 0:00:01]} Bc6 {[%emt 0:00:09]} 36. Kf1 {[%emt 0:00:03]}
Kf6 {[%emt 0:00:04]} 37. Ke2 {[%emt 0:00:02]} Bxg2 {[%emt 0:00:02]} 38. h4 {
[%emt 0:00:02]} Bc6 {[%emt 0:00:02]} 39. Kxe3 {[%emt 0:00:01]} Bxb5 {[%emt 0:
00:01]} 40. Bxb5 {[%emt 0:00:01]} Rxa7 {[%emt 0:00:00]} 41. a4 {[%emt 0:00:01]}
Ke5 {[%emt 0:00:02]} 42. b4 {[%emt 0:00:01]} Kd5 {[%emt 0:00:01]} 43. Be8 {
[%emt 0:00:02]} Re7+ {[%emt 0:00:03]} 44. Kd3 {[%emt 0:00:03]} Rxe8 {[%emt 0:
00:01]} 45. a5 {[%emt 0:00:01]} Re4 {[%emt 0:00:10]} 46. a6 {[%emt 0:00:05]}
Rxb4 {[%emt 0:00:02]} 47. a7 {[%emt 0:00:01]} Ra4 {[%emt 0:00:01]} 48. a8=Q+ {
[%emt 0:00:01]} Rxa8 {[%emt 0:00:02]} 49. h5 {[%emt 0:00:00]} Ke5 {[%emt 0:00:
02]} 50. h6 {[%emt 0:00:00]} Kf5 {[%emt 0:00:00]} 51. Ke3 {[%emt 0:00:00]} Kg6
{[%emt 0:00:00]} 52. Kf3 {[%emt 0:00:00]} Kxh6 {[%emt 0:00:00]} 53. Kf4 {[%emt
0:00:00]} Kg6 {[%emt 0:00:00]} 54. Kg4 {[%emt 0:00:01]} Ra5 {[%emt 0:00:00]}
55. Kf4 {[%emt 0:00:01]} h5 {[%emt 0:00:01]} 56. Kg3 {[%emt 0:00:01]} Ra4 {
[%emt 0:00:01]} 57. Kf3 {[%emt 0:00:00]} Kg5 {[%emt 0:00:01]} 58. Kg3 {[%emt 0:
00:00]} Ra3+ {[%emt 0:00:00]} 59. Kf2 {[%emt 0:00:00]} Kg4 {[%emt 0:00:01]} 60.
Kg2 {[%emt 0:00:00]} Ra2+ {[%emt 0:00:01]} 61. Kg1 {[%emt 0:00:05]} Kf3 {[%emt
0:00:02]} 62. Kh1 {[%emt 0:00:04]} Kg3 {[%emt 0:00:01]} 63. Kg1 {[%emt 0:00:02]
} Ra1# {[%emt 0:00:01]} 0-1

[Event "T-Director's Swiss sytem"]
[Site "playchess.com #662980"]
[Date "2014.03.16"]
[Round "7"]
[White "Rkem71"]
[Black "hmamouche"]
[Result "1-0"]
[WhiteElo "1486"]
[BlackElo "1641"]
[PlyCount "151"]
[EventDate "2014.03.16"]
[EventType "swiss (blitz)"]

1. e4 {[%emt 0:00:02]} e5 {[%emt 0:00:02]} 2. Nf3 {[%emt 0:00:02]} Nf6 {[%emt
0:00:02]} 3. Nxe5 {[%emt 0:00:01]} Qe7 {[%emt 0:00:01]} 4. Nf3 {[%emt 0:00:02]}
Nxe4 {[%emt 0:00:01]} 5. Be2 {[%emt 0:00:26]} d6 {[%emt 0:00:04]} 6. O-O {
[%emt 0:00:04]} Be6 {[%emt 0:00:02]} 7. d4 {[%emt 0:00:05]} Nc6 {[%emt 0:00:02]
} 8. d5 {[%emt 0:00:20]} Bxd5 {[%emt 0:00:11]} 9. Qxd5 {[%emt 0:00:02]} Nf6 {
[%emt 0:00:03]} 10. Qd1 {[%emt 0:00:08]} O-O-O {[%emt 0:00:03]} 11. Nc3 {[%emt
0:00:19]} Kb8 {[%emt 0:00:04]} 12. Re1 {[%emt 0:00:04]} Qd7 {[%emt 0:00:03]}
13. Be3 {[%emt 0:00:16]} h5 {[%emt 0:00:01]} 14. Bb5 {[%emt 0:00:06]} a6 {
[%emt 0:00:02]} 15. Ba4 {[%emt 0:00:03]} Ng4 {[%emt 0:00:03]} 16. Nd4 {[%emt 0:
00:05]} b5 {[%emt 0:00:09]} 17. Ncxb5 {[%emt 0:00:32]} Nxd4 {[%emt 0:00:02]}
18. Nc3 {[%emt 0:00:03]} Nb5 {[%emt 0:00:07]} 19. Nxb5 {[%emt 0:00:13]} axb5 {
[%emt 0:00:03]} 20. Bb3 {[%emt 0:00:02]} Nxe3 {[%emt 0:00:01]} 21. Rxe3 {[%emt
0:00:02]} h4 {[%emt 0:00:12]} 22. Qf3 {[%emt 0:00:16]} h3 {[%emt 0:00:04]} 23.
Qxf7 {[%emt 0:00:07]} hxg2 {[%emt 0:00:18]} 24. Qxd7 {[%emt 0:00:07]} Rxd7 {
[%emt 0:00:01]} 25. Rae1 {[%emt 0:00:14]} g5 {[%emt 0:00:39]} 26. Re8+ {[%emt
0:00:07]} Ka7 {[%emt 0:00:01]} 27. Kxg2 {[%emt 0:00:10]} Rdh7 {[%emt 0:00:03]}
28. Rh1 {[%emt 0:00:06]} Bg7 {[%emt 0:00:18]} 29. Rxh8 {[%emt 0:00:06]} Bxh8 {
[%emt 0:00:01]} 30. c3 {[%emt 0:00:04]} Be5 {[%emt 0:00:02]} 31. h3 {[%emt 0:
00:04]} Kb6 {[%emt 0:00:01]} 32. Be6 {[%emt 0:00:14]} Kc5 {[%emt 0:00:07]} 33.
Rd1 {[%emt 0:00:07]} c6 {[%emt 0:00:07]} 34. Bg4 {[%emt 0:00:06]} b4 {[%emt 0:
00:06]} 35. cxb4+ {[%emt 0:00:07]} Kxb4 {[%emt 0:00:01]} 36. b3 {[%emt 0:00:03]
} Ka3 {[%emt 0:00:05]} 37. Rd2 {[%emt 0:00:04]} c5 {[%emt 0:00:17]} 38. Rc2 {
[%emt 0:00:02]} Bd4 {[%emt 0:00:07]} 39. f3 {[%emt 0:00:02]} Re7 {[%emt 0:00:
09]} 40. Kf1 {[%emt 0:00:04]} Kb4 {[%emt 0:00:02]} 41. Kg2 {[%emt 0:00:03]} d5
{[%emt 0:00:04]} 42. Kf1 {[%emt 0:00:02]} c4 {[%emt 0:00:01]} 43. bxc4 {[%emt
0:00:02]} dxc4 {[%emt 0:00:01]} 44. Re2 {[%emt 0:00:09]} Ra7 {[%emt 0:00:07]}
45. Rc2 {[%emt 0:00:08]} c3 {[%emt 0:00:03]} 46. Ke2 {[%emt 0:00:01]} Re7+ {
[%emt 0:00:06]} 47. Kd1 {[%emt 0:00:06]} Kc4 {[%emt 0:00:08]} 48. Bf5 {[%emt 0:
00:07]} Re3 {[%emt 0:00:03]} 49. Be4 {[%emt 0:00:02]} Be5 {[%emt 0:00:10]} 50.
Re2 {[%emt 0:00:06]} Bf4 {[%emt 0:00:08]} 51. Rxe3 {[%emt 0:00:02]} Bxe3 {
[%emt 0:00:01]} 52. Kc2 {[%emt 0:00:00]} Bd4 {[%emt 0:00:02]} 53. Kd1 {[%emt 0:
00:07]} Kb4 {[%emt 0:00:01]} 54. Bc2 {[%emt 0:00:03]} Ka3 {[%emt 0:00:01]} 55.
Bb3 {[%emt 0:00:01]} Kb2 {[%emt 0:00:01]} 56. Ke2 {[%emt 0:00:05]} Be5 {[%emt
0:00:02]} 57. Kd3 {[%emt 0:00:02]} Bf4 {[%emt 0:00:02]} 58. Ke4 {[%emt 0:00:04]
} c2 {[%emt 0:00:01]} 59. Bxc2 {[%emt 0:00:02]} Kxc2 {[%emt 0:00:01]} 60. a4 {
[%emt 0:00:01]} Bd2 {[%emt 0:00:02]} 61. Kf5 {[%emt 0:00:12]} Kb3 {[%emt 0:00:
51] '} 62. a5 {[%emt 0:00:01]} Be3 {[%emt 0:00:04]} 63. a6 {[%emt 0:00:02]} Kb4
{[%emt 0:00:01]} 64. a7 {[%emt 0:00:02]} Bxa7 {[%emt 0:00:01]} 65. Kxg5 {[%emt
0:00:01]} Kc4 {[%emt 0:00:00]} 66. f4 {[%emt 0:00:11]} Kd5 {[%emt 0:00:01]} 67.
f5 {[%emt 0:00:00]} Bd4 {[%emt 0:00:01]} 68. Kg6 {[%emt 0:00:01]} Ke5 {[%emt 0:
00:02]} 69. f6 {[%emt 0:00:01]} Bc5 {[%emt 0:00:04]} 70. f7 {[%emt 0:00:02]}
Kf4 {[%emt 0:00:02]} 71. h4 {[%emt 0:00:02]} Kg4 {[%emt 0:00:03]} 72. h5 {
[%emt 0:00:00]} Bf8 {[%emt 0:00:01]} 73. h6 {[%emt 0:00:02]} Kf4 {[%emt 0:00:
37]} 74. h7 {[%emt 0:00:03]} Ke5 {[%emt 0:00:03]} 75. h8=Q+ {[%emt 0:00:01]}
Ke6 {[%emt 0:00:01]} 76. Qxf8 {[%emt 0:00:02]} 1-0

[Event "T-Director's Swiss sytem"]
[Site "playchess.com #662980"]
[Date "2014.03.16"]
[Round "6"]
[White "Saint-Michel"]
[Black "Bozo333"]
[Result "1/2-1/2"]
[WhiteElo "1699"]
[BlackElo "1867"]
[PlyCount "127"]
[EventDate "2014.03.16"]
[EventType "swiss (blitz)"]

1. e4 {[%emt 0:00:01]} e6 {[%emt 0:00:01]} 2. d4 {[%emt 0:00:02]} d5 {[%emt 0:
00:01]} 3. Nc3 {[%emt 0:00:01]} Nf6 {[%emt 0:00:04]} 4. Bg5 {[%emt 0:00:02]}
Bb4 {[%emt 0:00:02]} 5. e5 {[%emt 0:00:10]} h6 {[%emt 0:00:03]} 6. Bd2 {[%emt
0:00:04]} Bxc3 {[%emt 0:00:02]} 7. bxc3 {[%emt 0:00:04]} Ne4 {[%emt 0:00:01]}
8. Nf3 {[%emt 0:00:04]} c5 {[%emt 0:00:05]} 9. Bd3 {[%emt 0:00:10]} Nxd2 {
[%emt 0:00:03]} 10. Qxd2 {[%emt 0:00:02]} Nc6 {[%emt 0:00:01]} 11. Bb5 {[%emt
0:00:03]} Bd7 {[%emt 0:00:10]} 12. Bxc6 {[%emt 0:00:02]} Bxc6 {[%emt 0:00:01]}
13. dxc5 {[%emt 0:00:07]} Qa5 {[%emt 0:00:03]} 14. Qd4 {[%emt 0:00:04]} Bb5 {
[%emt 0:00:09]} 15. Qb4 {[%emt 0:00:06]} Qa6 {[%emt 0:00:03]} 16. a4 {[%emt 0:
00:15]} Bc6 {[%emt 0:00:12]} 17. Nd4 {[%emt 0:00:07]} Rc8 {[%emt 0:00:01]} 18.
Kd2 {[%emt 0:00:18]} Ke7 {[%emt 0:00:04]} 19. Nb5 {[%emt 0:00:05]} Rhd8 {[%emt
0:00:15]} 20. Nd6 {[%emt 0:00:08]} Rc7 {[%emt 0:00:03]} 21. Rhb1 {[%emt 0:00:
10]} f6 {[%emt 0:00:29]} 22. f4 {[%emt 0:00:02]} fxe5 {[%emt 0:00:01]} 23. fxe5
{[%emt 0:00:02]} Rf8 {[%emt 0:00:05]} 24. Qh4+ {[%emt 0:00:05]} Kd7 {[%emt 0:
00:07]} 25. Qg3 {[%emt 0:00:20]} Kd8 {[%emt 0:00:09]} 26. Qh4+ {[%emt 0:00:40]}
Re7 {[%emt 0:00:08]} 27. Nb5 {[%emt 0:00:10]} Kd7 {[%emt 0:00:10]} 28. Rf1 {
[%emt 0:00:08]} Ref7 {[%emt 0:00:06]} 29. Rxf7+ {[%emt 0:00:06]} Rxf7 {[%emt 0:
00:01]} 30. Nd6 {[%emt 0:00:12]} Rf8 {[%emt 0:00:06]} 31. Qg3 {[%emt 0:00:11]}
g5 {[%emt 0:00:04]} 32. Qd3 {[%emt 0:00:22]} Rf2+ {[%emt 0:00:09]} 33. Ke1 {
[%emt 0:00:10]} Qxd3 {[%emt 0:00:02]} 34. cxd3 {[%emt 0:00:02]} Rxg2 {[%emt 0:
00:02]} 35. Kf1 {[%emt 0:00:07]} Rxh2 {[%emt 0:00:02]} 36. Ra3 {[%emt 0:00:11]}
Rb2 {[%emt 0:00:13]} 37. Nf7 {[%emt 0:00:09]} Rh2 {[%emt 0:00:21]} 38. Kg1 {
[%emt 0:00:09]} Rh4 {[%emt 0:00:01]} 39. d4 {[%emt 0:00:05]} b6 {[%emt 0:00:14]
} 40. cxb6 {[%emt 0:00:03]} axb6 {[%emt 0:00:01]} 41. a5 {[%emt 0:00:01]} bxa5
{[%emt 0:00:05]} 42. Rxa5 {[%emt 0:00:02]} Kc7 {[%emt 0:00:11]} 43. Ra7+ {
[%emt 0:00:05]} Kb6 {[%emt 0:00:09]} 44. Re7 {[%emt 0:00:05]} Rh3 {[%emt 0:00:
05]} 45. Rxe6 {[%emt 0:00:03]} Rxc3 {[%emt 0:00:01]} 46. Nxh6 {[%emt 0:00:03]}
Rc4 {[%emt 0:00:23]} 47. Nf5 {[%emt 0:00:07]} Kc7 {[%emt 0:00:07]} 48. Rg6 {
[%emt 0:00:17]} Bd7 {[%emt 0:00:07]} 49. Rg7 {[%emt 0:00:04]} Kd8 {[%emt 0:00:
04]} 50. Rxg5 {[%emt 0:00:13]} Bxf5 {[%emt 0:00:02]} 51. Rxf5 {[%emt 0:00:01]}
Rxd4 {[%emt 0:00:01]} 52. Kf2 {[%emt 0:00:01]} Ke7 {[%emt 0:00:02]} 53. Ke3 {
[%emt 0:00:03]} Re4+ {[%emt 0:00:02]} 54. Kd3 {[%emt 0:00:02]} Ke6 {[%emt 0:00:
01]} 55. Rf8 {[%emt 0:00:01]} Rxe5 {[%emt 0:00:03]} 56. Re8+ {[%emt 0:00:01]}
Kd6 {[%emt 0:00:03]} 57. Rd8+ {[%emt 0:00:02]} Ke7 {[%emt 0:00:08]} 58. Rh8 {
[%emt 0:00:03]} Ke6 {[%emt 0:00:11]} 59. Re8+ {[%emt 0:00:02]} Kf5 {[%emt 0:00:
02]} 60. Rf8+ {[%emt 0:00:05]} Kg4 {[%emt 0:00:06]} 61. Kd4 {[%emt 0:00:04]
Saint-Michel Ïðåäëàãàåò íè~~üo^} Rg5 {[%emt 0:00:39] '} 62. Rd8 {[%emt 0:00:03]
} Kf3 {[%emt 0:00:05]} 63. Rxd5 {[%emt 0:00:02]} Rxd5+ {[%emt 0:00:01]} 64.
Kxd5 {[%emt 0:00:01]} 1/2-1/2

[Event "T-Director's Swiss sytem"]
[Site "playchess.com #662980"]
[Date "2014.03.16"]
[Round "4"]
[White "Saint-Michel"]
[Black "FoxyMoves2"]
[Result "0-1"]
[WhiteElo "1687"]
[BlackElo "1987"]
[PlyCount "62"]
[EventDate "2014.03.16"]
[EventType "swiss (blitz)"]

1. e4 {[%emt 0:00:02]} e5 {[%emt 0:00:02]} 2. Nf3 {[%emt 0:00:02]} Nc6 {[%emt
0:00:01]} 3. Bc4 {[%emt 0:00:03]} Nf6 {[%emt 0:00:01]} 4. d3 {[%emt 0:00:01]}
Bc5 {[%emt 0:00:02]} 5. c3 {[%emt 0:00:01]} d6 {[%emt 0:00:02]} 6. h3 {[%emt 0:
00:02]} a6 {[%emt 0:00:02]} 7. Bb3 {[%emt 0:00:01]} Be6 {[%emt 0:00:02]} 8. Bc2
{[%emt 0:00:03]} h6 {[%emt 0:00:14]} 9. O-O {[%emt 0:00:02]} d5 {[%emt 0:00:01]
} 10. d4 {[%emt 0:00:05]} Bd6 {[%emt 0:00:07]} 11. dxe5 {[%emt 0:00:07]} Nxe5 {
[%emt 0:00:01]} 12. Nxe5 {[%emt 0:00:04]} Bxe5 {[%emt 0:00:01]} 13. Nd2 {[%emt
0:00:08]} dxe4 {[%emt 0:00:16]} 14. Nxe4 {[%emt 0:00:02]} O-O {[%emt 0:00:04]}
15. Qxd8 {[%emt 0:00:07]} Rfxd8 {[%emt 0:00:02]} 16. Nxf6+ {[%emt 0:00:03]}
Bxf6 {[%emt 0:00:01]} 17. Bf4 {[%emt 0:00:14]} c6 {[%emt 0:00:03]} 18. a3 {
[%emt 0:00:07]} Bc4 {[%emt 0:00:08]} 19. Rfd1 {[%emt 0:00:06]} Be2 {[%emt 0:00:
01]} 20. Rd2 {[%emt 0:00:10]} Rxd2 {[%emt 0:00:02]} 21. Bxd2 {[%emt 0:00:02]}
Rd8 {[%emt 0:00:00]} 22. Be3 {[%emt 0:00:05]} Bg5 {[%emt 0:00:21]} 23. Re1 {
[%emt 0:00:13]} Bc4 {[%emt 0:00:36]} 24. Bxg5 {[%emt 0:00:08]} hxg5 {[%emt 0:
00:01]} 25. Rd1 {[%emt 0:00:04]} Re8 {[%emt 0:00:05]} 26. Rd2 {[%emt 0:00:22]}
Re1+ {[%emt 0:00:04]} 27. Kh2 {[%emt 0:00:01]} g6 {[%emt 0:00:07]} 28. Be4 {
[%emt 0:00:10]} Rxe4 {[%emt 0:00:04]} 29. f3 {[%emt 0:00:05]} Re2 {[%emt 0:00:
06]} 30. Rd4 {[%emt 0:00:03]} Bd5 {[%emt 0:00:02]} 31. Kg3 {[%emt 0:00:08]}
Rxb2 {[%emt 0:00:02] Saint-Michel Ñäàåòñÿ} 0-1

[Event "T-Director's Swiss sytem"]
[Site "playchess.com #662980"]
[Date "2014.03.16"]
[Round "3"]
[White "Saint-Michel"]
[Black "Irremeabilis"]
[Result "1/2-1/2"]
[WhiteElo "1674"]
[BlackElo "2000"]
[PlyCount "175"]
[EventDate "2014.03.16"]
[EventType "swiss (blitz)"]

1. e4 {[%emt 0:00:02]} e5 {[%emt 0:00:02]} 2. Nf3 {[%emt 0:00:02]} Nf6 {[%emt
0:00:02]} 3. Nc3 {[%emt 0:00:05]} Nc6 {[%emt 0:00:02]} 4. Bc4 {[%emt 0:00:02]}
Be7 {[%emt 0:00:01]} 5. O-O {[%emt 0:00:02]} O-O {[%emt 0:00:01]} 6. h3 {[%emt
0:00:02]} h6 {[%emt 0:00:00]} 7. d4 {[%emt 0:00:02]} exd4 {[%emt 0:00:06]} 8.
Nxd4 {[%emt 0:00:01]} Nxd4 {[%emt 0:00:02]} 9. Qxd4 {[%emt 0:00:02]} d6 {[%emt
0:00:01]} 10. Nd5 {[%emt 0:00:11]} Nxd5 {[%emt 0:00:05]} 11. exd5 {[%emt 0:00:
07]} Bf6 {[%emt 0:00:09]} 12. Qd1 {[%emt 0:00:04]} Re8 {[%emt 0:00:04]} 13. c3
{[%emt 0:00:03]} Bf5 {[%emt 0:00:06]} 14. Bd3 {[%emt 0:00:03]} Qd7 {[%emt 0:00:
03]} 15. Qc2 {[%emt 0:00:12]} Bxd3 {[%emt 0:00:24]} 16. Qxd3 {[%emt 0:00:02]}
Qa4 {[%emt 0:00:06]} 17. b3 {[%emt 0:00:09]} Qa5 {[%emt 0:00:03]} 18. Bb2 {
[%emt 0:00:04]} Qc5 {[%emt 0:00:15]} 19. Rae1 {[%emt 0:00:09]} a6 {[%emt 0:00:
02]} 20. Qd2 {[%emt 0:00:13]} Kf8 {[%emt 0:00:06]} 21. c4 {[%emt 0:00:02]} Bxb2
{[%emt 0:00:15]} 22. Qxb2 {[%emt 0:00:02]} Qa5 {[%emt 0:00:02]} 23. Re2 {[%emt
0:00:24]} Rxe2 {[%emt 0:00:04]} 24. Qxe2 {[%emt 0:00:02]} Re8 {[%emt 0:00:01]}
25. Qc2 {[%emt 0:00:03]} Re5 {[%emt 0:00:19]} 26. Rd1 {[%emt 0:00:18]} g6 {
[%emt 0:00:29]} 27. Qd2 {[%emt 0:00:05]} Qxd2 {[%emt 0:00:06]} 28. Rxd2 {[%emt
0:00:02]} Re1+ {[%emt 0:00:01]} 29. Kh2 {[%emt 0:00:01]} Ke7 {[%emt 0:00:01]}
30. Kg3 {[%emt 0:00:01]} f5 {[%emt 0:00:03]} 31. Kf3 {[%emt 0:00:06]} Kf6 {
[%emt 0:00:04]} 32. Re2 {[%emt 0:00:05]} Rxe2 {[%emt 0:00:01]} 33. Kxe2 {[%emt
0:00:01]} Ke5 {[%emt 0:00:01]} 34. Ke3 {[%emt 0:00:05]} f4+ {[%emt 0:00:14]}
35. Kd3 {[%emt 0:00:02]} g5 {[%emt 0:00:13]} 36. g4 {[%emt 0:00:16]} fxg3 {
[%emt 0:01:10]} 37. fxg3 {[%emt 0:00:02]} h5 {[%emt 0:00:02]} 38. Ke3 {[%emt 0:
00:05]} h4 {[%emt 0:00:13]} 39. gxh4 {[%emt 0:00:05]} gxh4 {[%emt 0:00:01]} 40.
Kf3 {[%emt 0:00:04]} Kf5 {[%emt 0:00:01]} 41. Ke3 {[%emt 0:00:02]} b6 {[%emt 0:
00:03]} 42. a3 {[%emt 0:00:12]} a5 {[%emt 0:00:04]} 43. a4 {[%emt 0:00:19]} Ke5
{[%emt 0:00:10]} 44. Kf3 {[%emt 0:00:01]} Kd4 {[%emt 0:00:06]} 45. Kg4 {[%emt
0:00:01]} Kc3 {[%emt 0:00:01]} 46. Kxh4 {[%emt 0:00:01]} Kxb3 {[%emt 0:00:00]}
47. Kg5 {[%emt 0:00:03]} Kxc4 {[%emt 0:00:14]} 48. h4 {[%emt 0:00:01]} Kxd5 {
[%emt 0:00:01]} 49. Kg6 {[%emt 0:00:07]} c5 {[%emt 0:00:01]} 50. h5 {[%emt 0:
00:02]} c4 {[%emt 0:00:00]} 51. h6 {[%emt 0:00:01]} c3 {[%emt 0:00:00]} 52. h7
{[%emt 0:00:00]} c2 {[%emt 0:00:01]} 53. h8=Q {[%emt 0:00:03]} c1=Q {[%emt 0:
00:02]} 54. Qg8+ {[%emt 0:00:04]} Kd4 {[%emt 0:00:04]} 55. Qg7+ {[%emt 0:00:03]
} Kd3 {[%emt 0:00:03]} 56. Qd7 {[%emt 0:00:07]} Qg1+ {[%emt 0:00:05]} 57. Kh5 {
[%emt 0:00:09]} Qc5+ {[%emt 0:00:02]} 58. Kg6 {[%emt 0:00:07]} Kc4 {[%emt 0:00:
05]} 59. Kf6 {[%emt 0:00:15]} Kb4 {[%emt 0:00:06]} 60. Qg4+ {[%emt 0:00:13]}
Kb3 {[%emt 0:00:06]} 61. Qd1+ {[%emt 0:00:03]} Ka3 {[%emt 0:00:05]} 62. Qa1+ {
[%emt 0:00:05]} Kb4 {[%emt 0:00:01]} 63. Qa2 {[%emt 0:00:19]} Qd4+ {[%emt 0:00:
05]} 64. Ke7 {[%emt 0:00:04]} d5 {[%emt 0:00:07]} 65. Kd7 {[%emt 0:00:08]} Qc4
{[%emt 0:00:05]} 66. Qb1+ {[%emt 0:00:20]} Kc5 {[%emt 0:00:01]} 67. Qg1+ {
[%emt 0:00:04]} d4 {[%emt 0:00:04]} 68. Qd1 {[%emt 0:00:10]} Qd5+ {[%emt 0:00:
06]} 69. Kc7 {[%emt 0:00:07]} Qc6+ {[%emt 0:00:03]} 70. Kb8 {[%emt 0:00:03]}
Qd6+ {[%emt 0:00:07]} 71. Kb7 {[%emt 0:00:05]} Qd7+ {[%emt 0:00:01]} 72. Kb8 {
[%emt 0:00:04]} d3 {[%emt 0:00:05]} 73. Qc1+ {[%emt 0:00:06]} Kd5 {[%emt 0:00:
04]} 74. Qg5+ {[%emt 0:00:03]} Kc4 {[%emt 0:00:01]} 75. Qc1+ {[%emt 0:00:03]}
Kb4 {[%emt 0:00:03]} 76. Qf4+ {[%emt 0:00:05]} Ka3 {[%emt 0:00:03]} 77. Qf8+ {
[%emt 0:00:11]} Kxa4 {[%emt 0:00:02]} 78. Qf4+ {[%emt 0:00:02]} Kb5 {[%emt 0:
00:02]} 79. Qg5+ {[%emt 0:00:03]} Ka6 {[%emt 0:00:02]} 80. Qg2 {[%emt 0:00:10]}
d2 {[%emt 0:00:09] '} 81. Qe2+ {[%emt 0:00:01]} b5 {[%emt 0:00:09]} 82. Qf3 {
[%emt 0:00:01]} Qa7+ {[%emt 0:00:02]} 83. Kc8 {[%emt 0:00:02]} Qb6 {[%emt 0:00:
02]} 84. Qa8+ {[%emt 0:00:02]} Qa7 {[%emt 0:00:01]} 85. Qc6+ {[%emt 0:00:01]}
Qb6 {[%emt 0:00:01]} 86. Qa8+ {[%emt 0:00:01]} Qa7 {[%emt 0:00:01]} 87. Qc6+ {
[%emt 0:00:01]} Qb6 {[%emt 0:00:01]} 88. Qa8+ {[%emt 0:00:01]} 1/2-1/2

[Event "T-Director's Swiss sytem"]
[Site "playchess.com #662980"]
[Date "2014.03.16"]
[Round "7"]
[White "Saint-Michel"]
[Black "Schoutenj"]
[Result "0-1"]
[WhiteElo "1706"]
[BlackElo "1983"]
[PlyCount "104"]
[EventDate "2014.03.16"]
[EventType "swiss (blitz)"]

1. e4 {[%emt 0:00:03]} c5 {[%emt 0:00:02]} 2. Nf3 {[%emt 0:00:02]} Nc6 {[%emt
0:00:01]} 3. Bb5 {[%emt 0:00:01]} Nd4 {[%emt 0:00:01]} 4. Nxd4 {[%emt 0:00:01]}
cxd4 {[%emt 0:00:00]} 5. O-O {[%emt 0:00:01]} e6 {[%emt 0:00:03]} 6. d3 {[%emt
0:00:07]} a6 {[%emt 0:00:01]} 7. Ba4 {[%emt 0:00:02]} b5 {[%emt 0:00:00]} 8.
Bb3 {[%emt 0:00:01]} Bb7 {[%emt 0:00:00]} 9. f4 {[%emt 0:00:08]} Nf6 {[%emt 0:
00:01]} 10. Nd2 {[%emt 0:00:02]} Qc7 {[%emt 0:00:04]} 11. Nf3 {[%emt 0:00:03]}
Bc5 {[%emt 0:00:07]} 12. Kh1 {[%emt 0:00:03]} O-O {[%emt 0:00:03]} 13. a3 {
[%emt 0:00:05]} d6 {[%emt 0:00:17]} 14. Bd2 {[%emt 0:00:16]} Nd7 {[%emt 0:00:
02]} 15. Qe1 {[%emt 0:00:14]} Qd8 {[%emt 0:00:12]} 16. Qf2 {[%emt 0:00:06]} e5
{[%emt 0:00:04]} 17. f5 {[%emt 0:00:05]} Kh8 {[%emt 0:00:05]} 18. Bg5 {[%emt 0:
00:10]} f6 {[%emt 0:00:01]} 19. Bd2 {[%emt 0:00:02]} Nb6 {[%emt 0:00:02]} 20.
Qh4 {[%emt 0:00:09]} d5 {[%emt 0:00:03]} 21. exd5 {[%emt 0:00:07]} Bxd5 {[%emt
0:00:01]} 22. Bxd5 {[%emt 0:00:01]} Qxd5 {[%emt 0:00:06]} 23. Qe4 {[%emt 0:00:
03]} Qxe4 {[%emt 0:00:01]} 24. dxe4 {[%emt 0:00:02]} Nc4 {[%emt 0:00:02]} 25.
b3 {[%emt 0:00:13]} Nxd2 {[%emt 0:00:15]} 26. Nxd2 {[%emt 0:00:02]} Rac8 {
[%emt 0:00:04]} 27. Rfc1 {[%emt 0:00:13]} Bb6 {[%emt 0:00:05]} 28. Nb1 {[%emt
0:00:12]} Rfd8 {[%emt 0:00:03]} 29. c4 {[%emt 0:00:04]} dxc3 {[%emt 0:00:07]}
30. Nxc3 {[%emt 0:00:06]} Bd4 {[%emt 0:00:03]} 31. Nd5 {[%emt 0:00:09]} Bxa1 {
[%emt 0:00:04]} 32. Rxa1 {[%emt 0:00:01]} h6 {[%emt 0:00:06]} 33. Kg1 {[%emt 0:
00:01]} Rc2 {[%emt 0:00:02]} 34. a4 {[%emt 0:00:06]} Rdc8 {[%emt 0:00:04]} 35.
axb5 {[%emt 0:00:05]} Rc1+ {[%emt 0:00:01]} 36. Rxc1 {[%emt 0:00:02]} Rxc1+ {
[%emt 0:00:00]} 37. Kf2 {[%emt 0:00:02]} axb5 {[%emt 0:00:01]} 38. b4 {[%emt 0:
00:03]} Rc4 {[%emt 0:00:06]} 39. Ke3 {[%emt 0:00:03]} Kg8 {[%emt 0:00:00]} 40.
g4 {[%emt 0:00:07]} Kf7 {[%emt 0:00:01]} 41. h4 {[%emt 0:00:01]} Ke8 {[%emt 0:
00:03]} 42. Kd3 {[%emt 0:00:11]} Rd4+ {[%emt 0:00:09]} 43. Ke3 {[%emt 0:00:02]}
Kd7 {[%emt 0:00:03]} 44. Nb6+ {[%emt 0:00:08]} Kc6 {[%emt 0:00:06]} 45. Nd5 {
[%emt 0:00:03]} Rxd5 {[%emt 0:00:06]} 46. exd5+ {[%emt 0:00:01]} Kxd5 {[%emt 0:
00:02]} 47. Kd3 {[%emt 0:00:01]} e4+ {[%emt 0:00:01]} 48. Ke3 {[%emt 0:00:01]}
Ke5 {[%emt 0:00:00]} 49. h5 {[%emt 0:00:02]} Kd5 {[%emt 0:00:02]} 50. Kf4 {
[%emt 0:00:01]} Kd4 {[%emt 0:00:01]} 51. g5 {[%emt 0:00:04]} fxg5+ {[%emt 0:00:
01]} 52. Kg4 {[%emt 0:00:02]} e3 {[%emt 0:00:02] Saint-Michel Ñäàåòñÿ} 0-1